Výroba remeselníckeho podniku

Bibliographic Details
Main Author: Johnsson, Raoul (Author)
Other Authors: Rády, Andrej, 1954- (Translator), Hojstričová, Jana, 1972- (Photographer), Ondrušková, Marta (Illustrator)
Format: Book
Language:Slovak
Finnish
PhysicalDescription:113 s. fotogr., ilustr., tab. 24 cm
Published: V Bratislave Ústredie ľudovej umeleckej výroby 2008
ISBN:9788088852599
Edition:[1. vyd.]
Series:Tradícia dnes
Subjects:

MARC

LEADER 00000cam a2200000 a 4500
001 vtls010070252
003 SK-MaSNL
005 20260301135903.0
008 240314s2008 xo oal d f 000 0 slo
015 |a SNBA2011/01-00571 
020 |a 9788088852599  |q (brož.) 
035 |a 669792AE-25D4-4D31-99A5-6AFB6AC628EB 
035 |a urn:nbn:sk:snk-amk9zp 
035 |a urn:nbn:sk:snk-am0089ed 
040 |a SNK  |b slo  |c SNK  |e AACR2 
041 1 |a slo  |h fin 
044 |a xo  |c SK 
072 7 |a 658  |x Riadenie a správa podniku  |2 konspekt 
072 7 |a 67/68  |x Remeslá. Rôzne odvetvia priemyslu  |2 konspekt 
080 |a 67/68  |2 2001 
080 |a (035)  |2 2001 
080 |a 334.712  |2 2001 
080 |a 658  |2 2001 
080 |a 005.21  |2 2001 
080 |a 334.713  |2 2001 
100 1 |a Johnsson, Raoul  |4 aut  |9 491836 
240 1 |a Käsityöyrityksen tuotanto  |l Slovensky 
245 1 0 |a Výroba remeselníckeho podniku  |c Raoul Johnsson ; [z fínskeho originálu preložil Andrej Rády ; fotografie Jana Hojstričová ... [et al.] ; kresby Marta Ondrušková] 
250 |a [1. vyd.] 
260 |a V Bratislave  |b Ústredie ľudovej umeleckej výroby  |c 2008 
300 |a 113 s.  |b fotogr., ilustr., tab.  |c 24 cm 
490 1 |a Tradícia dnes 
504 |a Bibliogr. s. 109 
650 0 7 |a remeslá  |2 SNKPH  |9 4998 
650 0 7 |a remeselná výroba  |2 SNKPH  |9 2354 
650 0 7 |a podnikový manažment  |2 SNKPH  |9 3483 
650 0 7 |a strategický manažment  |2 SNKPH  |9 3637 
650 0 7 |a výroba  |2 SNKPH  |9 15916 
655 7 |a príručky  |2 SNKPH  |9 74364 
700 1 |a Rády, Andrej,  |d 1954-  |4 trl  |9 125734 
700 1 |a Hojstričová, Jana,  |d 1972-  |4 pht  |9 212786 
700 1 |a Ondrušková, Marta  |4 ill  |9 11849 
830 0 |a Tradícia dnes  |9 412399 
919 |a 978-80-88852-59-9 
958 |a NB 
958 |a OP 
958 |a OND 
968 |b SUO  |d 65 
999 |c 761739  |d 763669 
952 |a SNK  |b SNK  |y PREZ  |7 0  |p 17A0678121  |o snkSC 142673  |i snk2010/24311  |8 0  |0 0  |1 0  |4 0  |d 2010-11-05  |l 0  |r 2025-07-10 00:00:00  |w 2026-02-24 
952 |a SNK  |b SNK  |y VYP  |7 0  |p 17A0678120  |o snkSC 142673 D1  |i snk2010/24312  |8 0  |0 0  |1 0  |4 0  |d 2010-11-05  |f 1  |l 0  |r 2026-02-24 00:07:15  |w 2026-02-24